| 000 | 00334nam a2200133Ia 4500 | ||
|---|---|---|---|
| 008 | 241014s9999||||xx |||||||||||||| ||und|| | ||
| 020 | _a0-7895-6372-X | ||
| 100 | _aShelly,Gary B | ||
| 245 | 2 | _aA Record of Discovery for Exploring Computers | |
| 250 | _a4 | ||
| 260 |
_bThonson _c2002 |
||
| 650 | _aComputer skills | ||
| 942 |
_bION _cBK |
||
| 999 |
_c17997 _d17997 |
||